[Event "GER-ch U10"]
[Site "Oberhof"]
[Date "2013.05.23"]
[Round "8"]
[White "Hoefs, Cederik"]
[Black "Gabriel, Benjamin"]
[Result "1-0"]
[WhiteElo "915"]
[BlackElo "920"]
[PlyCount "103"]
[EventDate "2013.05.19"]
[EventType "swiss"]
[EventRounds "11"]
[EventCountry "GER"]
[SourceTitle "CBM 154 Extra"]
[Source "ChessBase"]
[SourceDate "2013.06.25"]
[SourceVersion "2"]
[SourceVersionDate "2013.06.25"]
[SourceQuality "1"]

1. e4 e5 2. Nf3 Nc6 3. d4 exd4 4. Nxd4 Nxd4 5. Qxd4 Nf6 6. Bg5 Be7 7. e5 Ng8 8. Bxe7 Nxe7 9. Nc3 0-0 10. Bd3 b6 11. Qe4 g6 12. Qxa8 a5 13. 0-0 Nc6 14. Bb5 Nxe5 15. Rfe1 d6 16. Rad1 f6 17. Qd5+ Nf7 18. Rd2 Kg7 19. Rde2 Bd7 20. Bxd7 Qxd7 21. Nb5 Ne5 22. Nd4 Re8 23. f4 Kf8 24. fxe5 fxe5 25. Rf1+ Kg7 26. Ref2 Re7 27. Nc6 Kh6 28. Nxe7 Qxe7 29. Qd2+ Kh5 30. Qe2+ Kh6 31. Qe3+ Kh5 32. Qf3+ Kh6 33. Qf8+ Qxf8 34. Rxf8 Kh5 35. Kf2 c5 36. Rd8 Kh6 37. Rxd6 Kg7 38. Ke3 Kh6 39. Rxb6 Kg5 40. Ke4 Kh5 41. Kxe5 Kh6 42. Rb5 a4 43. Rxc5 a3 44. bxa3 Kg7 45. a4 Kh6 46. a5 Kg5 47. a6 Kh6 48. a7 Kg7 49. a8Q Kh6 50. Rf3 Kg7 51. Rc7+ Kh6 52. Rh3+ 1-0

[Event "GER-ch U10"]
[Site "Oberhof"]
[Date "2013.05.20"]
[Round "4"]
[White "Svane, Freja"]
[Black "Gabriel, Benjamin"]
[Result "1/2-1/2"]
[WhiteElo "867"]
[BlackElo "920"]
[PlyCount "63"]
[EventDate "2013.05.19"]
[EventType "swiss"]
[EventRounds "11"]
[EventCountry "GER"]
[SourceTitle "CBM 154 Extra"]
[Source "ChessBase"]
[SourceDate "2013.06.25"]
[SourceVersion "2"]
[SourceVersionDate "2013.06.25"]
[SourceQuality "1"]

1. e4 e5 2. Nf3 Nc6 3. Bb5 Bc5 4. Nxe5 Nxe5 5. d4 Bxd4 6. Qxd4 f6 7. Bf4 Nc6 8. Qe3 Nge7 9. 0-0 0-0 10. Bc4+ Kh8 11. Qg3 d6 12. Nc3 Bd7 13. Nd5 Nxd5 14. Bxd5 Rb8 15. Be3 b6 16. Bxc6 Bxc6 17. Qg4 Qd7 18. Qxd7 Bxd7 19. Bf4 a5 20. a3 Rfd8 21. b4 axb4 22. axb4 Ra8 23. c4 Rxa1 24. Rxa1 Re8 25. c5 bxc5 26. bxc5 dxc5 27. Bxc7 Rc8 28. Bd6 Bc6 29. Bxc5 Bxe4 30. Be3 h6 31. Rc1 Rxc1+ 32. Bxc1 1/2-1/2

[Event "GER-ch U10"]
[Site "Oberhof"]
[Date "2013.05.19"]
[Round "1"]
[White "Gabriel, Benjamin"]
[Black "Stirnberg, Noah"]
[Result "0-1"]
[WhiteElo "920"]
[BlackElo "1338"]
[PlyCount "172"]
[EventDate "2013.05.19"]
[EventType "swiss"]
[EventRounds "11"]
[EventCountry "GER"]
[SourceTitle "CBM 154 Extra"]
[Source "ChessBase"]
[SourceDate "2013.06.25"]
[SourceVersion "2"]
[SourceVersionDate "2013.06.25"]
[SourceQuality "1"]

1. d4 Nf6 2. c4 g6 3. Nf3 Bg7 4. e3 0-0 5. Be2 d6 6. 0-0 Re8 7. Nc3 Nbd7 8. b3 c5 9. Bb2 b6 10. d5 Bb7 11. a3 a6 12. b4 Qc7 13. Qd3 e5 14. e4 Rf8 15. Rac1 Ne8 16. Nd2 Bh6 17. f3 Qd8 18. Rcd1 Qg5 19. g3 Qe3+ 20. Qxe3 Bxe3+ 21. Kg2 f5 22. exf5 gxf5 23. f4 Bd4 24. Rb1 Rf7 25. Na2 Bxb2 26. Rxb2 e4 27. Rb3 b5 28. cxb5 Bxd5 29. Rb2 e3+ 30. Kg1 exd2 31. Rxd2 Bxa2 32. Rxa2 Re7 33. bxa6 Nc7 34. Re1 Kg7 35. bxc5 Nxc5 36. Rd1 d5 37. Kg2 N5xa6 38. Bf3 Rd8 39. Rc2 Re3 40. Ra2 Nb5 41. Rxd5 Rxd5 42. Bxd5 Rxa3 43. Rxa3 Nxa3 44. h4 Nb4 45. Bf3 Nc4 46. g4 Ne3+ 47. Kg3 Nd3 48. gxf5 Nxf5+ 49. Kg4 Kf6 50. Bd5 Ne3+ 51. Kf3 Nxd5 52. Ke4 N5xf4 53. Kf3 Kf5 54. Kg3 Ng6 55. Kh3 Nf2+ 56. Kg3 h5 57. Kxf2 Kg4 58. Kg2 Nxh4+ 59. Kg1 Nf5 60. Kh2 h4 61. Kg2 Nd4 62. Kh1 Kh3 63. Kg1 Nc2 64. Kh1 Kg3 65. Kg1 h3 66. Kh1 Ne1 67. Kg1 Nf3+ 68. Kh1 Ng5 69. Kg1 Ne4 70. Kh1 Nf2+ 71. Kg1 h2+ 72. Kf1 h1Q+ 73. Ke2 Nd3 74. Kxd3 Qe1 75. Kd4 Qe2 76. Kd5 Qg4 77. Ke5 Qf4+ 78. Kd5 Kf3 79. Ke6 Qg5 80. Kd6 Ke4 81. Kc6 Qd5+ 82. Kb6 Kd4 83. Kc7 Kc5 84. Kb8 Qd7 85. Ka8 Kb6 86. Kb8 Qd8# 0-1